000 00419nam a2200157 i 4500
001 142694
003 ES-MaACL
005 20230906200609.0
007 t|
008 071009s1933 fr ||||1| fre d
100 1 _aVianey, Joseph.
_9114286
245 1 4 _aLes poƩmes barbares de Leconte de Liste /
_cJoseph Vianey.
260 _aParis :
_b[s.n.],
_c1933.
300 _a198 p. ;
_c19 cm.
852 _aES-MaACL
_jA-3072
999 _c142694
_d142694